Zváranie brzdových čeľustí Pragy V3S trubičkovým drôtom v CO2 : Diplomová práca

Guardado en:
Detalles Bibliográficos
Autor principal: Kižiková, Zdenka (Autor)
Otros Autores: Nádaský, Jaroslav (xxx)
Formato: Manuscrito Libro
Lenguaje:eslovaco
Publicado: Trnava : STU v Bratislave MtF KZZPM, 1990
Materias:
Etiquetas: Agregar Etiqueta
Sin Etiquetas, Sea el primero en etiquetar este registro!

MARC

LEADER 00000ntm a22000003a 4500
001 stu80652
005 20160719155047.6
008 030529s1990----xo------------------slo-d
040 |a STU  |b slo 
041 0 |a slo 
044 |a xo 
100 1 |a Kižiková, Zdenka  |4 aut 
245 1 |a Zváranie brzdových čeľustí Pragy V3S trubičkovým drôtom v CO2 :  |b Diplomová práca 
260 |a Trnava :  |b STU v Bratislave MtF KZZPM,  |c 1990 
300 |a 83 s  |c abstr. 
650 7 |a zváranie trubičkovým drôtom  |2 stusub 
650 7 |a brzdové čeľuste  |2 stusub 
650 7 |a strojárske technológie  |2 stusub 
700 1 |a Nádaský, Jaroslav  |4 xxx 
996 |b 284M042162  |c M*DP-2162  |l MMSKP  |s P  |a 0  |w stu80652_0001